Loading...
| Fine Arts - Auditory Fine Arts | 2 | 4 | 1 | 2 | 65 | 56 | 93.83 | 1 | 3 |
| Fine Arts - Visual Fine Arts | 1 | 1 | 0 | 0 | 25 | 65 | 83.00 | 1 | 2 |
| Science - Biology | 1 | 1 | 1 | 1 | 20 | 66 | 93.50 | 1 | 2 |
| Science - Chemistry | 0 | 2 | 0 | 1 | 20 | 89 | 111.00 | 0 | 2 |
| Philosophy | 1 | 0 | 0 | 0 | 15 | 57 | 57.00 | 0 | 1 |
| Science - Other Science | 0 | 2 | 1 | 0 | 15 | 67 | 70.50 | 2 | 2 |
| Literature - World Literature | 0 | 1 | 0 | 1 | 10 | 131 | 131.00 | 0 | 0 |
| Current Events | 0 | 1 | 0 | 0 | 10 | 72 | 72.00 | 0 | 1 |
| Mythology | 0 | 1 | 0 | 0 | 10 | 90 | 90.00 | 0 | 1 |
| Literature - American Literature | 0 | 0 | 1 | 0 | -5 | 0.00 | 0 | 0 | |
| History - Other History | 0 | 0 | 1 | 0 | -5 | 0.00 | 0 | 0 |